000 01063nam a22002537a 4500
005 20080623120041.0
008 080618t xxu||||| |||| 00| 0 eng d
010 _aENG-90385
020 _a8175346765
_c1295.00
035 _aEN-73918
037 _bDBAD / PUB
040 _aDPL
_bEN
082 _a342.5409
100 _aAnand, C.L.
245 _aConstitutional law and history of Government of India:
_cby C.L. Anand; revised by H.K. Saharay
_bGovernment of India Act, 1935 and the constitution of India /
250 _a8th ed.
260 _aDelhi
_bUniversal Law Publishing
_c2008
270 _aC-FF-1A, Dilkhush Industrial Estate, (Opp. Hans Cinema, lAzadpur) G.T. Karnal Road,
_bDelhi
_e110033
_k27438103
300 _axLiii, 1332p.
_c25 cm (Hb)
500 _aIncludes subject index
700 _aSaharay, H.K.
942 _cEN
_h342.5409
_2ddc
_mANA
999 _c13845
_d13845